Normal view
MARC view
- العلاونة، معاذ خالد حسن
Entry Personal Name
001 - CONTROL NUMBER
- control field: 65352
003 - CONTROL NUMBER IDENTIFIER
- control field: JO-AjAnu
005 - DATE AND TIME OF LATEST TRANSACTION
- control field: 20240414090601.0
008 - FIXED-LENGTH DATA ELEMENTS
- fixed length control field: 240414|| aca||aabn | a|a d
040 ## - CATALOGING SOURCE
- Original cataloging agency: JO-AjAnu
100 ## - HEADING--PERSONAL NAME
- Personal name: العلاونة، معاذ خالد حسن
- Relator term: معد